Exchange rate management and inflation targeting: modeling the exchange rate in reduced-form new Keynesian models

Gespeichert in:
Bibliographische Detailangaben
1. Verfasser: Beneš, Jaromír
Weitere Verfasser: Hurník, Jaromír, Vávra, David
Format: Buchkapitel
Sprache:Englisch
Schlagworte:
Tags: Tag hinzufügen
Keine Tags, Fügen Sie das erste Tag hinzu!

MARC

LEADER 00000naa$a2200000$$$4500
001 0076337
005 20231010112244.0
041 0 |a eng 
044 |a CZ 
245 1 0 |a Exchange rate management and inflation targeting: modeling the exchange rate in reduced-form new Keynesian models  |c Jaromír Beneš, Jaromír Hurník, David Vávra 
610 2 0 |a kurz výmenný 
610 2 0 |a manažment 
610 2 0 |a inflácia 
610 2 0 |a modelovanie 
610 2 0 |a modely 
610 2 0 |a sadzby úrokové 
100 1 |a Beneš, Jaromír 
700 1 |a Hurník, Jaromír 
700 1 |a Vávra, David